000 00593nam a2200193 a 4500
003 PILC
005 20160212152132.0
008 100809s19uu xx 00 eng d
020 _a978606232934
050 _aBF 637.P6
_b.B37 2010
100 _aBasco, Monica Ramirez.
245 _aThe procrastinator's guide to getting things done /
_cMonica Ramirez Basco.
260 _aNew York :
_bThe Guilford Press,
_c2010.
300 _a178 pages :
_billustrations ;
_c20 cm.
650 _aProcrastination.
650 _aSelf-actualization (Psychology).
942 _cBK
_2lcc
_kFOR
999 _c24038
_d24038